A. WESLEY POWELL LEARNING RESOURCE CENTRE (WPLRC)

Wonderful Place to Learn, Research & Collaborate

The Fourier transform and its applications / (Record no. 13381)

MARC details
000 -LEADER
fixed length control field 01670nam a2200445 a 4500
001 - ACCESSION NUMBER
control field 40728
003 - CONTROL NUMBER IDENTIFIER
control field UkOxU
005 - DATE AND TIME OF LATEST TRANSACTION
control field 20190508155210.0
008 - FIXED-LENGTH DATA ELEMENTS--GENERAL INFORMATION
fixed length control field 991006s2000 mauca b 001 0 eng
020 ## - INTERNATIONAL STANDARD BOOK NUMBER
International Standard Book Number 0073039381
020 ## - INTERNATIONAL STANDARD BOOK NUMBER
Canceled/invalid ISBN 0071160434 (rear cover, international ed.)
035 ## - SYSTEM CONTROL NUMBER
System control number (UkLCURL)980099021139
040 ## - CATALOGING SOURCE
Language of cataloging English
Transcribing agency DDC
050 #4 - LIBRARY OF CONGRESS CALL NUMBER
Classification number QA403.5 .B7 2000
050 #4 - LIBRARY OF CONGRESS CALL NUMBER
Classification number QA403.5
Item number BRA
082 ## - DEWEY DECIMAL CLASSIFICATION NUMBER
Classification number 515.723/ BRA
100 1# - MAIN ENTRY--PERSONAL NAME
Personal name Bracewell, Ronald N.
Fuller form of name (Ronald Newbold),
Dates associated with a name 1921-2007
245 14 - TITLE STATEMENT
Title The Fourier transform and its applications /
Statement of responsibility, etc. Ronald N. Bracewell.
250 ## - EDITION STATEMENT
Edition statement 3rd ed.
260 ## - PUBLICATION, DISTRIBUTION, ETC. (IMPRINT)
Place of publication, distribution, etc. Boston ;
-- London :
Name of publisher, distributor, etc. McGraw Hill,
Date of publication, distribution, etc. c2000.
300 ## - PHYSICAL DESCRIPTION
Extent xx, 616 p. :
Other physical details ill. ;
Dimensions 25 cm.
490 1# - SERIES STATEMENT
Series statement McGraw-Hill series in electrical and computer engineering. Circuits and systems
500 ## - GENERAL NOTE
General note Includes index.
504 ## - BIBLIOGRAPHY, ETC. NOTE
Bibliography, etc Includes bibliographical references and index.
650 #0 - SUBJECT ADDED ENTRY--TOPICAL TERM
Topical term or geographic name as entry element Transformations (Mathematics)
650 #0 - SUBJECT ADDED ENTRY--TOPICAL TERM
Topical term or geographic name as entry element Harmonic analysis.
650 #0 - SUBJECT ADDED ENTRY--TOPICAL TERM
Topical term or geographic name as entry element Fourier transformations.
830 #0 - SERIES ADDED ENTRY--UNIFORM TITLE
Uniform title McGraw-Hill series in electrical and computer engineering.
Name of part/section of a work Circuits and systems
942 ## - ADDED ENTRY ELEMENTS (KOHA)
Source of classification or shelving scheme Dewey Decimal Classification
Koha item type Circ Books
Holdings
Withdrawn status Lost status Source of classification or shelving scheme Damaged status Not for loan Home library Current library Date acquired Total Checkouts Full call number Barcode Date last seen Price effective from Koha item type
    Dewey Decimal Classification     Wesley Powell Learning Resource Centre Wesley Powell Learning Resource Centre 05/08/2019   515.723/ BRA 40728 05/08/2019 05/08/2019 Circ Books